Ancient India : (Record no. 37081)

MARC details
000 -LEADER
fixed length control field 01092nam a22003017a 4500
005 - DATE AND TIME OF LATEST TRANSACTION
control field 20100719153928.0
008 - FIXED-LENGTH DATA ELEMENTS--GENERAL INFORMATION
fixed length control field 100719t xxu||||| |||| 00| 0 eng d
010 ## - LCCN (DPL NO)
LC control number ENG-96423
020 ## - INTERNATIONAL STANDARD BOOK NUMBER
International Standard Book Number 9780198068303
Terms of availability 295.00
020 ## - INTERNATIONAL STANDARD BOOK NUMBER
International Standard Book Number 0198068301
Terms of availability 295.00
035 ## - SYSTEM CONTROL NUMBER
System control number EN-79956
037 ## - SOURCE OF ACQUISITION
Source of stock number/acquisition DBAD/PUB
040 ## - CATALOGING SOURCE
Original cataloging agency DPL
Language of cataloging Eng
082 ## - DEWEY DECIMAL CLASSIFICATION NUMBER
Classification number 934
245 ## - TITLE STATEMENT
Title Ancient India :
Remainder of title new research /
Statement of responsibility, etc edited by Upinder Singh and Nayanjot Lahiri
260 ## - PUBLICATION, DISTRIBUTION, ETC. (IMPRINT)
Place of publication, distribution, etc New Delhi
Name of publisher, distributor, etc Oxford University Press
Date of publication, distribution, etc 2010
270 ## - ADDRESS
Address YMCA Library Building, Jai Singh Road,
City New Delhi
Postal code 110001
300 ## - PHYSICAL DESCRIPTION
Extent xiv 306 p.:
Dimensions 22 cm. (Hb)
Other physical details ill.,maps
500 ## - GENERAL NOTE
General note Includes bibliographical references.
651 ## - SUBJECT ADDED ENTRY--GEOGRAPHIC NAME
Geographic name India
General subdivision Antiquities.
651 ## - SUBJECT ADDED ENTRY--GEOGRAPHIC NAME
Geographic name India
Form subdivision History
Chronological subdivision To 324 B.C.
651 ## - SUBJECT ADDED ENTRY--GEOGRAPHIC NAME
Geographic name India
Form subdivision History
Chronological subdivision 324 B.C.-1000A.D.
651 ## - SUBJECT ADDED ENTRY--GEOGRAPHIC NAME
Geographic name India
General subdivision Civilization.
700 ## - ADDED ENTRY--PERSONAL NAME
Personal name Upinder Singh
700 ## - ADDED ENTRY--PERSONAL NAME
Personal name Nayanjot Lahiri
942 ## - ADDED ENTRY ELEMENTS (KOHA)
Source of classification or shelving scheme Dewey Decimal Classification
Item type English Books
Call number suffix ANC
Classification part 934
Holdings
Withdrawn status Lost status Source of classification or shelving scheme Damaged status Not for loan Collection code Home library Current library Date acquired Source of acquisition Cost, normal purchase price Total Checkouts Full call number Barcode Date last seen Copy number Cost, replacement price Koha item type
    Dewey Decimal Classification   Not For Loan Non-fiction D.B.Act.Division D.B.Act.Division 19/07/2010 DBAD/PUB 295.00   934 ANC EN-79956 19/07/2010 1 295.00 English Books

© Delhi Public Library
Hit Counter
free hit counter